Statistics for Countries Where YouTube Is Banned

Click here to take the quiz!

General Stats

  • This quiz has been taken 97 times
  • The average score is 6 of 9

Answer Stats

ContinentCountry% Correct
AsiaChina
99%
AsiaNorth Korea
96%
AsiaIran
80%
AsiaSyria
68%
AfricaSouth Sudan
62%
AfricaSudan
62%
AsiaTurkmenistan
57%
AfricaEritrea
51%
AsiaTajikistan
47%

Score Distribution

Percentile by Number Answered

Percent of People with Each Score

Your Score History

You have not taken this quiz